000 04215nam a2200373Ka 4500
001 bslw06333731
003 UtOrBLW
005 20210303085300.0
006 m d
007 cr un|||||||||
008 101115s2009 enk o 000 0 eng d
020 _a9781848555433 (electronic bk.) :
_c£79.95 ; €121.95 ; $154.95
040 _aUtOrBLW
_cUtOrBLW
050 4 _aGN448
_b.E26 2009
072 7 _aKCM
_2bicssc
072 7 _a1K
_2bicssc
072 7 _aBUS068000
_2bisacsh
080 _a39
082 0 4 _a306.3
_222
245 0 0 _aEconomic development, integration, and morality in Asia and the Americas
_h[electronic resource] /
_cedited by Donald C. Wood.
260 _aBingley, U.K. :
_bEmerald,
_c2009.
300 _a1 online resource (x, 429 p.).
490 1 _aResearch in economic anthropology,
_x0190-1281 ;
_vv. 29
505 0 _aIntroduction : economic development, integration, and morality in Asia and the Americas / Donald C. Wood -- Underground lotteries in China : the occult economy and capitalist culture / Joseph Bosco, Lucia Huwy-Min Liu and Matthew West -- Supermarketization, consumer choices, and the changing food retail market structure : the case of Citlalicalli, Mexico / Jayant Anand -- A Master is greater than a father : rearrangements of tradition among Muslim artisans in Soviet and post-Soviet Uzbekistan / Haruka Kikuta -- Marketplace vendors, decision-making, and the household in Bolivia / Kathleen E. Gordon -- Gender, work, and opportunity in Oaxaca : some thoughts on the importance of women in the economic life of the rural village / Jeffrey H. Cohen, Brooke Everett, Analise Polsky and Francisco Montiel-Ishino -- money doesn't make the world go round : Angkors non-monetisation / Eileen Lustig -- Shifting coffee markets and producer responses in Costa Rica and Panama / Julia Smith -- Moving bodies : the intersections of sex, work, and tourism / J.S. Eades -- "Made in China" : political and cultural valuation of brand images, trade, and commodities : ethnographic evidence from Europe and Asia / Lionel Obadia -- The expansion of immigrant networks at origin : a case study of a rancho in Jalisco, Mexico / Tamar Diana Wilson -- Restaurant tipping : short-circuiting the morality of the market / Daniel Suarez -- Children as a common-pool resource : change and the shrinking kindergarten market in a Japanese city / Donald Wood -- "I bought this at eastern market" : vending, value, and social relations in an urban street market / Robert Shepherd -- Social capital as an incentive for participation and formation of women-dominant ROSCA / Kristiano Raccanello, Jayant Anand, Patricia Arroyo Martínez.
520 _aThis 29th volume in the Research in Economic Anthropology series explores economic development, integration, and morality in economic transactions in Asia and the Americas through 14 original chapters based on ethnographic evidence collected by the authors. Under development, chapters look at, amongst others, underground gambling behavior in China in light of that country's current economic boom, recent retail store expansion and local socioeconomic effects in rural Mexico, and also women's economic activities as part of the household economy in Oaxaca, Mexico. As for economic integration, authors investigate monetization in the historical and archaeological records of the Angkorian Empire, transnational economic links between coffee producers in Costa Rica and Panama and concurrent socio-economic effects at the production sites. Finally, under the moral, chapters examine the culture of restaurant tipping in North America, the pre-school education market in northern Japan against a backdrop of scarcity of children, narrative and social pressure in a North American market environment, and the role of social capital in gender-specific credit association membership in Puebla, Mexico.
588 0 _aPrint version record
650 0 _aEconomic anthropology.
650 0 _aEconomics.
700 1 _aWood, Donald C.
776 1 _z9781848555426
830 0 _aResearch in economic anthropology ;
_vv. 29.
856 4 0 _uhttps://www.emerald.com/insight/publication/doi/10.1108/S0190-1281(2009)29
913 _1BMEbacklist
999 _c31453
_d31453